Регионална библиотека "Любен Каравелов" - Русе

Der arme Heinrich (Запис номер 343571)

MARC детайли
000 -Лидер
Контролно поле с фиксирана дължина 01148nam a2200337 c 4500
003 - Код на организацията, давaща контролен номер
Контролно поле BLK
005 - Дата и час на последна редакция
Контролно поле 20191001110022.0
008 - Елементи от данни с фиксирана дължина
fixed length control field 180911b bul|||||r ||||||| ||bul||
010 ## - Наследен системен номер
LC control number 003232
040 ## - Източник на каталожния запис
Идентификатор на билиотеката - собственик на записа BLK
041 ## - Код за език
Код за езика на текст/звукозапис или на отделно заглавие Немски
Код за езика КДБФ Български
080 ## - УДК
УДК - код + определител 830-1
100 1# - Редна дума - Автор
Автор HARTMANN von Aue, Eduard
Авторска отговорност първи автор
R(LIN) 397533
245 00 - Сведения за заглавието
Заглавие Der arme Heinrich
246 ## - Различни форми на заглавието
Наименование на поредна част от произведението лирика-народни песни
260 ## - Област на издателските данни
Място на издаване, разпространение и проч. Leipzig
Име на издателя, разпространителя и проч. Philipp Reclam
Година на издаване s.a
300 ## - Физическа характеристика
Страници 51, 32 с
Размери/Мащаб 14 см
380 ## - Жанр
Жанр Литературознание
490 ## - СЕРИИ (Колекции)
Име на серия Univ.-Bibl.
490 ## - СЕРИИ (Колекции)
Име на серия Частна колекция - Академик Михаил Арнаудов
Бележки за серията Дарение - Основен фонд
500 ## - Общи забележки
Забележка Михаил Арнаудов: негови-книга. - Михаил Арнаудов: подпис. - Датиране на книгата : ХI. 98.
520 ## - Забележка за наличие на резюме, анотация и т.н
Анотация, рецензия, сканиран текст
653 ## - Ключова дума – ненормативна
Ключова дума лирика
653 ## - Ключова дума – ненормативна
Ключова дума народни песни
655 ## - Ключова дума – жанр/разновидност
Данни за жанр/разновидност или ключова дума за фокус немска литература
700 1# - Други автори (авторска отговорност)
Лично име E. Hartmann von der Aue
9 (RLIN) 397534
700 1# - Други автори (авторска отговорност)
Лично име Aus dem Mittelhochdeutsch ubers. von Hans von Wolzogen
9 (RLIN) 397535
852 ## - Местоположение
Форматна сигнатура МА 843
999 ## - СИСТЕМНИ КОНТРОЛНИ НОМЕРА
Koha biblionumber 343571
Koha biblioitemnumber 343571
942 ## - АРТИКУЛИ
Вид на библиотечния материал Книги
Скрит в OPAC Не
Периодичен библиозапис Да
944 ## - СЪЗДАВАНЕ И РЕДАКЦИЯ на ЗАПИСА
Създаване/Редакция Създаване
Дата на регистрацията/редакция 1996
Служител, извършил регистрацията/редакцията ValK
999 ## - СИСТЕМНИ КОНТРОЛНИ НОМЕРА
Koha biblioitemnumber 343571
Наличности
Код за отписване Код за изгубен артикул Източник на класификационната схема Код за повреда Коз за рестрикции Код за отдаване Артикулен № Име на библиотеката - собственик Име на библиотеката, в която се намира в момента Статус (Текущо местоположение) Местоположение - отдел Цена в лева Номерация (Хронология) Инвентарен номер Систематично азбучна сигнатура Баркод Номер на екземпляра Цена в евро Служебен тип на артикула Бележка за публиката
  Не е изгубен Universal Decimal Classification Не е повреден без рестрикции Специални фондове ( старопечатни, редки и ценни, фонд М. Арнаудов) 743814 Регионална библиотека "Любен Каравелов" Русе Регионална библиотека "Любен Каравелов" Русе Фонд "Михаил Арнаудов" Фонд "Михаил Арнаудов" 8.00   588283 МА 843 120000588283 1 4.09 Книги ; Датиране на книгата : ХI. 98.; ; подпис;
Vip Innovations Ltd, Rousse, Bulgaria 2025